| 000 | 00413nam a22001457a 4500 | ||
|---|---|---|---|
| 999 |
_c983 _d983 |
||
| 008 | 160205b xxu||||| |||| 00| 0 eng d | ||
| 020 | _a9780395681862 | ||
| 082 |
_21994 _aDFic _bC986 |
||
| 100 |
_92537 _aCushman, Karen |
||
| 245 |
_aCatherine called birdy / _cKaren Cushman. |
||
| 260 |
_aNew York : _bHoughton Mifflin Company, _cc1994 |
||
| 300 |
_a169 pages _c25 cm. |
||
| 365 |
_b1,264.00 _cPhp |
||
| 942 |
_2ddc _cDFIC |
||